| 000 | 00513nam a2200181Ia 4500 | ||
|---|---|---|---|
| 003 | OSt | ||
| 005 | 20241107152749.0 | ||
| 008 | 210210b1927 xxu||||| |||| 00| 0 eng d | ||
| 040 | _cAL | ||
| 041 | _akan | ||
| 082 | _a851/37 | ||
| 100 |
_aAYYASHASTRI SOSALE _9158993 _dಅಯ್ಯಶಾಸ್ತ್ರಿ ಸೋಸಲೆ |
||
| 245 |
_aDamayanti charitre: _bದಮಯಂತಿ ಚರಿತ್ರೆ |
||
| 260 |
_aBengaluru _b- _c1927 |
||
| 690 |
_aKannada Poetry _9158994 |
||
| 906 | _a018054 | ||
| 942 |
_2ddc _cBK |
||
| 999 |
_c141185 _d141185 |
||